Science Quiz

Random Science Quiz
Score 0/52 Timer 20:00
0 Plays Today
Generic Brand % Correct
warfarinCoumadin
85.4%
atorvastatinLipitor
84.9%
furosemideLasix
83.4%
clopidogrelPlavix
82.4%
rosuvastatinCrestor
78.4%
amlodipineNorvasc
73.4%
simvastatinZocor
72.9%
ezetimibeZetia
67.8%
pravastatinPravachol
67.3%
nitroglycerinNitrostat
64.3%
spironolactoneAldactone
62.3%
diltiazemCardizem
59.3%
clonidineCatapres
58.8%
isosorbide mononitrateImdur
58.3%
fenofibrateTricor
56.8%
ezetimibe/simvastatinVytorin
54.3%
niacinNiaspan
52.8%
omega-3-acid ethyl estersLovaza
52.3%
bumetanideBumex
51.8%
lovastatinMevacor
51.3%
dipyridamole/aspirinAggrenox
47.2%
gemfibrozilLopid
46.2%
dabigatranPradaxa
42.7%
triamterene/HCTZ (cap)Dyazide
40.7%
amiodaroneCordarone
40.2%
amlodipine/benazeprilLotrel
38.7%
Generic Brand % Correct
triamterene/HCTZ (tab)Maxzide
38.2%
colesevelamWelchol
36.7%
doxazosinCardura
36.7%
terazosinHytrin
36.2%
prazosinMinipress
34.2%
nifedipineProcardia
33.7%
cholestyramine powderQuestran
32.7%
hydrochlorothiazideHCTZ
32.7%
transdermal nitroglycerinNitro-Dur
30.2%
ticlodipineTiclid
29.6%
fluvastatinLescol
29.1%
hydralazineApresoline
28.6%
verapamilIsoptin
28.1%
dronedaroneMultaq
28.1%
torsemideDemadex
27.1%
potassium chloridePotassium chloride
26.1%
eplerenoneInspra
25.1%
felodipinePlendil
24.6%
indapamideLozol
23.1%
pentoxifyllineTrental
22.6%
cilostazolPletal
22.1%
dipyridamolePersantine
21.1%
isosorbide dinitrateIsosorbide Dinitrate
21.1%
diltiazem (XR)Dilacor
19.6%
digoxinLanoxin tablets
19.6%
metolazoneZaroxolyn
19.1%
Remove Ads.
Support Sporcle.
Get the best of Sporcle when you Go Orange. This ad-free experience offers more features, more stats, and more fun while also helping to support Sporcle. Thank you for becoming a member.

You're not logged in!

Compare scores with friends on all Sporcle quizzes.
OR
Log In

Show Comments

Extras

Created Jan 14, 2013ReportNominate
Tags:brand, Drug, Generic, Pharmacy, practice

Top Quizzes Today


Score Distribution

Your Account Isn't Verified!

In order to create a playlist on Sporcle, you need to verify the email address you used during registration. Go to your Sporcle Settings to finish the process.

Report this User

Report this user for behavior that violates our Community Guidelines.

Details: